Statistics for Country by City "D"

Click here to take the quiz!

General Stats

  • This quiz has been taken 66 times
  • The average score is 24 of 30

Answer Stats

City Country % Correct
DijonFrance
100%
DallasUnited States
100%
DarwinAustralia
98%
DublinIreland
98%
DelhiIndia
98%
DarlingtonUnited Kingdom
95%
DortmundGermany
95%
DamascusSyria
95%
DimitrovgradRussia
93%
DubaiUnited Arab Emirates
93%
DurbanSouth Africa
93%
DingzhouChina
91%
DjiboutiDjibouti
91%
Da NangVietnam
88%
DniproetrovskUkraine
86%
DakarSenegal
82%
DhakaBangladesh
82%
DohaQatar
80%
Dar Es SalaamTanzania
77%
DordrechtNetherlands
70%
DaitoJapan
68%
DaeguSouth Korea
66%
DiliEast Timor
66%
DenpasarIndonesia
64%
DushanbeTajikistan
64%
DunedinNew Zealand
63%
DammamSaudi Arabia
61%
DaugavpilsLatvia
46%
DoualaCameroon
39%
DagupanPhilippines
34%

Score Distribution

Percentile by Number Answered

Percent of People with Each Score

Your Score History

You have not taken this quiz